000 00568nam a2200169 a 4500
001 000039082
005 20201002031504.0
008 130520s1983 dr 000 0 spa d
040 _aDO-SdBNP
_bspa
_cBNPHU
100 1 _aCruz, Juan José de la
_937674
245 1 3 _aEl hombre su naturaleza y su libertad /
_cJuan José de la Cruz ; prólogo Príamo Rodríguez.
260 _aSanto Domingo :
_bLatina,
_c1983.
300 _a116 p. ;
_c22 cm.
500 _aIncluye notas al pie de las páginas
504 _aBibliografía
700 1 _aRodríguez, Príamo,
_epról.
_964256
999 _c38572
_d38572